000 00584nam a2200205Ia 4500
005 20250508164049.0
008 008 250505s9999 xx 000 0 eng d
020 _a0-8153-1177-X
037 _aReference
040 _aFEDL
_beng
_cFEDL
041 _aeng
_2eng
084 _a370.1, CHA/RR
_qFEDL
100 _aChambliss J.J. Ed.
_9777228
245 0 _aPhilosophy of education: An encyclopedia
260 _aNew York, USA
_bGarland publishing Inc
_c1996
300 _axvi, 720p
365 _aGBP
_b85
942 _cREF
_h370.1, CHA/RR
999 _c1386872
_d1386872